| 000 | 00418nam a22001217a 4500 | ||
|---|---|---|---|
| 082 |
_a823 _bPAI/I |
||
| 100 | _aPAI, ANAND | ||
| 245 | _aTHE INIMITABLE BIRBAL: A FRIEND, PHILOSOPHER AND GUIDE TO AKBAR | ||
| 246 |
_aTHE INIMITABLE BIRBAL: A FRIEND, PHILOSOPHER AND GUIDE TO AKBAR _bTHE INIMITABLE BIRBAL: A FRIEND, PHILOSOPHER AND GUIDE TO AKBAR |
||
| 260 |
_aMUMBAI _bAMARCHITHRA KATHA _c2022 |
||
| 300 | _a31 | ||
| 942 | _cBK | ||
| 999 |
_c8623 _d8623 |
||